| 000 | 01094nam a2200301 i 4500 | ||
|---|---|---|---|
| 001 | 000045741 | ||
| 003 | DO-SdBNP | ||
| 005 | 20231108132849.0 | ||
| 007 | ta | ||
| 008 | 150508s2015 dr ac 000 0 spa d | ||
| 020 | _a9789945897906 | ||
| 040 |
_aDO-SdBNP _bspa _cBNPHU _erda |
||
| 082 | 4 | _222 | |
| 100 | 1 |
_aMirabal, Yoselman Rodwin _d1969- _952438 _eautro |
|
| 245 | 1 | 0 |
_aMetodología de la investigación científica aplicada a la teología / _cYoselman Rodwin Mirabal ; prólogo Reynaldo Franco Aquino. |
| 264 |
_aSanto Domingo : _bMirabal Producciones, _c2015. |
||
| 300 |
_a258 páginas : _bilustraciones, retratos ; _c23 cm. |
||
| 336 |
_2rdacontent _atexto _btxt |
||
| 337 |
_2rdamedia _asin mediación _bn |
||
| 338 |
_2rdacarrier _avolumen _bnc |
||
| 500 | _aIncluye datos biográficos del autor en la solapa de la cubierta. | ||
| 504 | _aBibliografía : p. 244 | ||
| 590 | _aInventariado, 2023 /LP | ||
| 590 | _aLa biblioteca posee 3 ejemplar autografiado por el autor | ||
| 700 | 1 | 2 |
_aFranco Aquino, Reynaldo, _eprólogo _936510 |
| 910 | _aLopérez. | ||
| 942 |
_2ddc _cLBS1 |
||
| 999 |
_c45230 _d45230 |
||